| 000 | 00606nam a2200229 a 4500 | ||
|---|---|---|---|
| 001 | 000003299 | ||
| 003 | DO-SdBNP | ||
| 005 | 20180327142716.0 | ||
| 007 | 000003299 | ||
| 008 | 090707s2009 dr af 000 0 spa d | ||
| 020 | _a9789945140361 | ||
| 040 |
_aBPMET _bspa _cBPMET |
||
| 100 | 1 | _aPhipps, Miguel | |
| 245 | 1 | 0 |
_aAlas doradas / _cMiguel Phipps. |
| 260 |
_aSanto Domingo : _bCorripio, _c2009. |
||
| 300 |
_a20 p. : _bil. ; _c29 cm. |
||
| 490 | 1 | _aInfantil | |
| 830 | 0 | _aInfantil | |
| 942 |
_2ddc _cBK |
||
| 945 | _aRemanejado para la BNPHU / 2018 VM | ||
| 956 |
_aVMATEO _b10 _c20150728 _lBPMSU _h0069 |
||
| 999 |
_c7234 _d7234 |
||